| 000 | 01018cam a2200301 a 4500 | ||
|---|---|---|---|
| 001 | 3508359 | ||
| 003 | OSt | ||
| 005 | 20160413143734.0 | ||
| 008 | 951207s1996 dcuab b i000 0 eng | ||
| 010 | _a 95052496 | ||
| 020 | _a0821335529 | ||
| 040 |
_aDLC _cDLC _dDLC |
||
| 043 | _af-ug--- | ||
| 050 | 0 | 0 |
_aHC870 _b.U443 1996 |
| 082 | 0 | 0 |
_a338.9 _220 _bUGA 1996 |
| 245 | 0 | 0 |
_aUganda : _bthe challenge of growth and poverty reduction. |
| 260 |
_aWashington, D.C. : _bWorld Bank, _c1996. |
||
| 300 |
_axx, 179 p. : _bill., col. map ; _c28 cm. |
||
| 440 | 2 |
_aA World Bank country study, _x0253-2123 _97828 |
|
| 504 | _aIncludes bibliographical references (p. 175-179). | ||
| 650 | 0 |
_aPoverty _zUganda. _97829 |
|
| 651 | 0 |
_aUganda _xEconomic policy. _97544 |
|
| 651 | 0 |
_aUganda _xEconomic conditions _y1979- _94749 |
|
| 710 | 2 |
_aWorld Bank. _9955 |
|
| 906 |
_a7 _bcbc _corignew _d1 _eocip _f19 _gy-gencatlg |
||
| 942 |
_2ddc _cSLOAN |
||
| 999 |
_c3503 _d3503 |
||